000 00891nam a22002897a 4500
003 CHAP
005 20220329135750.0
008 971013s r 00010 d
010 _a41738
011 _a42710
035 _a46839
040 _cCHAP
090 _aR-2286
100 0 0 _aFosberg, Francis Raymond.
_942664
245 _aNoteworthy Micronesian plants, 4
500 _aSobretiro de : Micronesica16(2):201-210, 1980
590 _aBATCH-UPD
_b10
_c20130110
_lUCH01
_h0045
590 _aBATCH-UPD
_b10
_c20130110
_lUCH01
_h2142
590 _aBATCH-UPD
_b10
_c20130409
_lUCH01
_h2032
590 _aBATCH-UPD
_b10
_c20130914
_lUCH01
_h0732
590 _aCONVERSION
_b10
_c20130109
_lUCH01
_h1323
650 1 4 _aBotánica
_xMicronesia.
_914590
700 0 _aFalanruw, M. V. C.
_939372
901 _aBK
942 _cREIMP
949 _aR-2286
_bBC
_cR
_d-106711
_eTS1
_i46839
_mD. Ing. Hdez. X.
_si
999 _c41738
_d41738